African Flags Hard - Statistics

General Stats
  • This quiz has been taken 52 times
  • The average score is 22 of 25
Answer Stats
Picture Answer % Correct
Angola
98%
Chad
95%
Madagascar
95%
Niger
95%
Burkina Faso
93%
Eritrea
93%
Mali
93%
Rwanda
93%
Central African Republic
90%
Djibouti
90%
Sao Tome and Principe
90%
Benin
88%
Cameroon
88%
Comoros
88%
Namibia
88%
Gabon
86%
Ghana
86%
Senegal
86%
Equatorial Guinea
83%
Mauritius
83%
Togo
83%
Gambia
81%
Guinea
81%
Republic of Congo
79%
Guinea Bissau
76%
No matching quizzes found
Score Distribution
Percent of People with Each Score
Percentile by Number Answered
Your Score History
You have not taken this quiz